000
00282 a2200109 4500
001
ART_6046
005
20260410161618.0
008
260409a
245
1
0
_a
Enfoque de fraude
100
1
_a
Chalupowicz, Daniel
773
0
_t
Enfoques
_g
- NÂș 1 (ene. 2008)
_w
REV416
999
_c
11297
_d
11297